000 00713nam a2200217Ia 4500
003 GCL
008 140319s9999 xx 000 0 ara d
040 _aGCL /
_cGCL
082 0 4 _a813.03
_bط ف
100 1 _aطارق على
245 1 0 _aفى ظلال الرمان :
_bرواية اندلسية /
_cطارق على
700 1 _aابراهيم السعافين
250 _aالاولى
260 _aبيروت :
_bالمؤسسة العربية للطباعة والنشر ،
_c1994
300 _a273 ص ؛
_c19 سم
490 _a
650 0 4 _aالادب الاندلسى
650 0 4 _aالقصص الاندلسية
650 0 4 _aالقصص الاندلسية المترجمة
942 _2ddc
_cBK
999 _c56017
_d56017